<?xml version="1.0" encoding="UTF-8"?>
<marc:record xmlns:marc="http://www.loc.gov/MARC21/slim">
   <marc:leader>00000nam a2200000 a 4500</marc:leader>
   <marc:datafield ind1="1" ind2=" " tag="100">
      <marc:subfield code="a">Vossenkuhl, Wilhelm</marc:subfield>
      <marc:subfield code="4">aut</marc:subfield>
      <marc:subfield code="e">Verfasser/-in</marc:subfield>
   </marc:datafield>
   <marc:datafield ind1=" " ind2=" " tag="653">
      <marc:subfield code="a">Philosophie</marc:subfield>
   </marc:datafield>
   <marc:datafield ind1=" " ind2=" " tag="653">
      <marc:subfield code="a">Softcover</marc:subfield>
   </marc:datafield>
   <marc:datafield ind1=" " ind2=" " tag="653">
      <marc:subfield code="a">Karte</marc:subfield>
   </marc:datafield>
   <marc:datafield ind1=" " ind2=" " tag="653">
      <marc:subfield code="a">Einführung</marc:subfield>
   </marc:datafield>
   <marc:datafield ind1="0" ind2="0" tag="245">
      <marc:subfield code="a">Philosophie für die Westentasche</marc:subfield>
   </marc:datafield>
   <marc:datafield ind1="0" ind2="0" tag="245">
      <marc:subfield code="c">Wilhelm Vossenkuhl</marc:subfield>
   </marc:datafield>
   <marc:datafield ind1=" " ind2="1" tag="264">
      <marc:subfield code="a">München</marc:subfield>
      <marc:subfield code="b">Piper</marc:subfield>
      <marc:subfield code="c">2004</marc:subfield>
   </marc:datafield>
   <marc:datafield ind1="1" ind2=" " tag="520">
      <marc:subfield code="a">Große Themen und Gebiete kurz, prägnant und locker dargestellt - das ist die erfolgreiche Reihe &gt;Für die Westentasche&lt;. Wilhelm Vossenkuhl hat für die Philosophie einen besonderen Ansatz gewählt, der Alltagsthemen ins Zentrum rückt. Er stellt Fragen, die jeden Menschen bewegen, der über sich selbst nachdenkt. Haben wir einen eigenen Willen? Sind wir frei, zu tun, was wir wollen? Was ist gut, was böse? Hat jeder von uns eine eigene Identität und wie erwerben wir sie? Wie können wir andere Menschen verstehen, obwohl wir ihre Gedanken nicht sehen können? Wann beginnt und wann endet das menschliche Leben? Vossenkuhl greift diese und andere Fragen auf und gibt in seinen kurzen Texten Anleitung und Orientierung zum eigenen Denken. Die Leser werden aufgefordert, selbst Antworten zu finden. So läßt sich das Philosophieren fast spielerisch lernen.</marc:subfield>
   </marc:datafield>
   <marc:datafield ind1=" " ind2=" " tag="020">
      <marc:subfield code="a">9783492046558</marc:subfield>
      <marc:subfield code="9">9783492046558</marc:subfield>
   </marc:datafield>
   <marc:datafield ind1=" " ind2=" " tag="020">
      <marc:subfield code="a">349204655X</marc:subfield>
      <marc:subfield code="9">349204655X</marc:subfield>
   </marc:datafield>
   <marc:datafield ind1=" " ind2=" " tag="041">
      <marc:subfield code="a">ger</marc:subfield>
   </marc:datafield>
   <marc:datafield ind1=" " ind2=" " tag="300">
      <marc:subfield code="a">127 S.</marc:subfield>
   </marc:datafield>
</marc:record>
